| 000 | 00639nam a2200193 u 4500 | ||
|---|---|---|---|
| 001 | 000286037 | ||
| 003 | AM-YeHGA | ||
| 005 | 20250617125814.0 | ||
| 008 | 031120s1990 ai r 000 0 rus d | ||
| 040 | _aAM-YeHGA | ||
| 041 | 1 |
_arus _heng |
|
| 100 | 1 | _aХерберт, Фрэнк | |
| 245 | 1 | 0 |
_aДюна : _bФантаст. роман ; Пер. с англ. / _cФрэнк Херберт. |
| 260 |
_aЕреван : _bБ. и, _c1990. |
||
| 300 | _a200 с. | ||
| 440 | 0 | _aБ-ка зарубеж. фантастики | |
| 653 | 0 | _aНаучно-фантастические романы и рассказы (х. л.) | |
| 090 | _c106108 | ||
| 999 |
_c104787 _d104787 |
||